|
|
|
|
| LEADER |
01120nam a2200265 u 4500 |
| 001 |
10112723 |
| 003 |
upatras |
| 005 |
20230906123318.0 |
| 008 |
140507s1973 uk gre |
| 040 |
|
|
|a GR-PaULI
|b gre
|c GR-PaULI
|e AACR2
|
| 041 |
0 |
|
|f eng
|
| 082 |
0 |
4 |
|a 300
|
| 245 |
0 |
0 |
|a Ideology in social science :
|b readings in critical social theory /
|c edited by Robin Blackburn.
|
| 260 |
|
|
|a Great Britain :
|b Fontana/Collins,
|c 1973.
|
| 300 |
|
|
|a 382 σ. ;
|c 18 εκ..
|
| 504 |
|
|
|a Περιέχει βιβλιογραφικές παραπομπές.
|
| 650 |
|
4 |
|a Κοινωνικές επιστήμες
|x Μεθοδολογία
|9 301
|
| 650 |
|
4 |
|a Σοσιαλισμός
|9 2881
|
| 650 |
|
4 |
|a Κοινωνικές αλλαγές
|9 61759
|
| 700 |
1 |
|
|a Blanckburn, Robin
|4 επιμελητής
|9 138216
|
| 852 |
|
|
|a GR-PaULI
|b ΠΑΤΡΑ
|b ΠΤΔΕ
|k ΑΣΧΞ
|h 300 BLA
|m 10123
|p 025000140893
|t 1
|
| 942 |
|
|
|2 ddc
|c BK15
|
| 952 |
|
|
|0 0
|1 0
|4 0
|6 300_000000000000000_BLA
|7 0
|9 165901
|a PTDE
|b PTDE
|d 2016-04-24
|i 10123
|l 0
|o 300 BLA
|p 025000140893
|r 2016-04-24 00:00:00
|t 1
|w 2016-04-24
|y BK15
|
| 998 |
|
|
|c ΤΣΕΝΕ
|d 2014-05
|
| 999 |
|
|
|c 103936
|d 103936
|